000 00473nam a2200169 a 4500
001 2060154
005 20241025204451.0
008 930805s1992 gh 000 0 eng
050 0 0 _aKRX1744.51992
_b.A6 1992
082 0 0 _a342.667/023
_221
110 1 _aGhana.
245 1 0 _aConstitution of the Republic of Ghana.
260 _a[Accra? :
_bs.n.,
_c1992]
_e([Accra?] :
_fTema Press)
300 _axxvi, 210 p. ;
_c24 cm.
650 0 _aConstitutions
_zGhana.
942 _2lcc
_cBK
_n0
999 _c235
_d235